Type in Use : Effective typography for electronic publishing /

Enregistré dans:
Détails bibliographiques
Auteur principal: White, Alex (Auteur)
Format: Livre
Langue:anglais
Publié: New York : Design Press, 1992
Tags: Ajouter un tag
Pas de tags, Soyez le premier à ajouter un tag!

MARC

LEADER 00000nam a22000003a 4500
001 stu30003
005 20150617225738.4
008 951213s1992----xxu-----------------eng-d
020 |a 0-8306-3796-6 
040 |a STU  |b slo 
041 0 |a eng 
044 |a xxu 
080 |a 681.6 
080 |a 686.2'21 
100 1 |a White, Alex  |4 aut 
245 1 |a Type in Use :  |b Effective typography for electronic publishing /  |c [aut]White,Alex 
260 |a New York :  |b Design Press,  |c 1992 
300 |a 191 s 
996 |b 284V028363  |c V*43706/O-19005  |l VVT  |s A  |a 24  |w stu30003_0001